| 000 | 00641cam a22002291 4500 | ||
|---|---|---|---|
| 001 | sa 67006397 | ||
| 003 | DLC | ||
| 005 | 20260227112406.0 | ||
| 008 | 890403s1966 ii 000 0 tamo | ||
| 010 | _asa 67006397 | ||
| 035 | _a(OCoLC)23561823 | ||
| 040 |
_aDLC _cMiU _dCU _dDLC |
||
| 042 | _apremarc | ||
| 050 | 0 | 0 |
_aDS481.A1 _bS45 |
| 100 | 1 | _aShanmugam, Saroja. | |
| 245 | 1 | 0 |
_aViṭutalaip pōril Pāratap peṇkaḷ. _c[El̲utiyavar] Carōjā Caṇmukam. |
| 250 | _a[1. patippu] | ||
| 260 |
_aCen̲n̲ai, _bKuyilan̲ patippakam _c[1966] |
||
| 300 |
_a119 p. _c19 cm. |
||
| 500 | _aIn Tamil. | ||
| 650 | 0 |
_aWomen _zIndia _vBiography. |
|
| 999 |
_c75913 _d75913 |
||